| 000 | 00477nam a2200157 i 4500 | ||
|---|---|---|---|
| 001 | bg | ||
| 100 | 1 | _aGOLDSTEJN, Gerbert | |
| 245 | 0 |
_aOsnovy zaščity reaktorov / _cGerbert Goldstejn ; Perev. s angl. N. E. Kucharkina i in. |
|
| 260 |
_aMoskva : _bGosud. Izdat. Liter. v Oblasti Atomnoj Nauki i Techniki, _c1961. |
||
| 300 |
_as. 343, 1 nlb. : _bilustr. |
||
| 040 | _cBPK | ||
| 041 | _apol | ||
| 080 | _a621.039 | ||
| 942 | _cKS | ||
| 008 | s pl f |000 0 pol | ||
| 999 |
_c12662 _d12662 |
||
| 856 |
_uhttp://koha.tu.koszalin.pl/cgi-bin/koha/opac-detail.pl?biblionumber=12662 _yKatalog online BPK |
||